00398nam a2200133Ia 450000500170000000800410001702000150005808200130007310000130008624500620009926000370016130000180019850000480021620250613031129.0240331s9999 xx 000 0 und d a9555732906 bPERa306 aPerera,S 0aGanika wrthiya :bbhawaya prabhavaya ha agamika mehewara aNugegodabUniversity pressc2005 a85 p .,( C 1) aProstitution - Origin and Religious Mission